Asamiya bhashar rupa-katha (Record no. 2377)
[ view plain ]
| 000 -LEADER | |
|---|---|
| fixed length control field | 00508cam a2200193ua 4500 |
| 008 - FIXED-LENGTH DATA ELEMENTS--GENERAL INFORMATION | |
| fixed length control field | 110912n ii |||gr||||Z||||||asm |
| 040 ## - CATALOGING SOURCE | |
| Transcribing agency | MAIN |
| 082 ## - DEWEY DECIMAL CLASSIFICATION NUMBER | |
| Classification number | 491.451 |
| 100 ## - MAIN ENTRY--PERSONAL NAME | |
| Personal name | Goswami, Upendranath., |
| Relator term | |
| 245 11 - TITLE STATEMENT | |
| Title | Asamiya bhashar rupa-katha |
| Statement of responsibility, etc. | by Upendranath Goswami |
| 250 ## - EDITION STATEMENT | |
| Edition statement | 2nd rev. ed. |
| 260 ## - PUBLICATION, DISTRIBUTION, ETC. | |
| Place of publication, distribution, etc. | Guwahati: |
| Name of publisher, distributor, etc. | D.B. prakashan,984. |
| 300 ## - PHYSICAL DESCRIPTION | |
| Extent | 99p. |
| 942 ## - ADDED ENTRY ELEMENTS (KOHA) | |
| Koha item type | Books |
| 653 ## - INDEX TERM--UNCONTROLLED | |
| Uncontrolled term | Assamese Language |
| 653 ## - INDEX TERM--UNCONTROLLED | |
| Uncontrolled term | Assamese language |
| 653 ## - INDEX TERM--UNCONTROLLED | |
| Uncontrolled term | Asamiya bhashar rupa-katha |
| Withdrawn status | Lost status | Damaged status | Not for loan | Home library | Current library | Shelving location | Date acquired | Total Checkouts | Full call number | Barcode | Date last seen | Copy number | Price effective from | Koha item type |
|---|---|---|---|---|---|---|---|---|---|---|---|---|---|---|
| Central Library, Naharkatiya College | Central Library, Naharkatiya College | General Stacks | 19/09/2020 | 491.451 | GOS | 9035 | 19/09/2020 | 1 | 19/09/2020 | Books | |||||
| Central Library, Naharkatiya College | Central Library, Naharkatiya College | General Stacks | 19/09/2020 | 491.451 | GOS | 9036 | 19/09/2020 | 4 | 19/09/2020 | Books | |||||
| Central Library, Naharkatiya College | Central Library, Naharkatiya College | General Stacks | 19/09/2020 | 491.451 | GOS | 9037 | 19/09/2020 | 2 | 19/09/2020 | Books | |||||
| Central Library, Naharkatiya College | Central Library, Naharkatiya College | General Stacks | 19/09/2020 | 491.451 | GOS | 9039 | 19/09/2020 | 3 | 19/09/2020 | Books | |||||
| Central Library, Naharkatiya College | Central Library, Naharkatiya College | General Stacks | 19/09/2020 | 491.451 | GOS | 9040 | 19/09/2020 | 5 | 19/09/2020 | Books |
